00525nam a2200133Ia 4500008004100000050002100041100003600062245010800098260003100206300003500237650003900272650003900311700004100350120626s1979 mx a 000 0 spa d aHN113 bZ67 1979 aZorrilla Arena, Santiagoeautor aIntroducción socioeconómica al panorama de México c/ Zorrilla Arena, Santiago: R. Rodas Carpizo aMéxicob: Limusac, 1979 a179 páginasb: ilustraciones 0aMÉXICOxCONDICIONES ECONÓMICAS 0aMÉXICOxCONDICIONES ECONÓMICAS aRodas Carpizo, Alejandro R. eautor